| Tag |
First Indicator |
Second Indicator |
Subfields |
| LEADER |
00000cam a2200000 a 4500 |
| 001 |
in00002017549 |
| 005 |
20151031152449.0 |
| 008 |
881123s1987 bw ac 000 1 rusoc |
| 010 |
|
|
|a 88204963
|
| 020 |
|
|
|c 2.40rub
|
| 035 |
|
|
|a (OCoLC)ocm18983320
|
| 040 |
|
|
|a IU
|c UIU
|d MIA
|d TXA
|d UtOrBLW
|
| 049 |
|
|
|a TXAM
|
| 082 |
0 |
|
|a 891.73/44
|2 19
|
| 090 |
|
|
|a PG3488.U44
|b T65 1987
|
| 100 |
1 |
|
|a Sulʹi︠a︡nov, Anatoliĭ.
|
| 245 |
1 |
0 |
|a Tolʹko odna nochʹ :
|b roman, povesti /
|c Anatoliĭ Sulʹi︠a︡nov.
|
| 264 |
|
1 |
|a Minsk :
|b "Mastatskai︠a︡ lit-ra",
|c 1987.
|
| 300 |
|
|
|a 622 pages :
|b illustrations, portrait ;
|c 21 cm.
|
| 336 |
|
|
|a text
|b txt
|2 rdacontent
|
| 337 |
|
|
|a unmediated
|b n
|2 rdamedia
|
| 338 |
|
|
|a volume
|b nc
|2 rdacarrier
|
| 505 |
0 |
|
|a Raskolotoe nebo -- Zampolit -- Khozhdenie za sedʹmoe nebo -- Tolʹko odna nochʹ.
|
| 948 |
|
|
|a cataloged
|b h
|c 2004/12/13
|d c
|e spoltoratski
|f 1:34:06 pm
|
| 994 |
|
|
|a E0
|b TXA
|
| 999 |
|
|
|a MARS
|
| 999 |
f |
f |
|s 2d20e67b-9a9e-360a-9376-86330a8f5a02
|i 93b7b61e-f187-3815-a2bf-636e4389153b
|t 0
|
| 952 |
f |
f |
|p ric
|a Texas A&M University
|b Rellis Campus
|c Joint Library Facility
|d Remote Storage
|t 0
|e PG3488.U44 T65 1987
|h Library of Congress classification
|i unmediated -- volume
|m A14831593643
|
| 998 |
f |
f |
|a PG3488.U44 T65 1987
|t 0
|l Remote Storage
|